000
00223nam a2200097Ia 4500
008
240331s9999 xx 000 0 und d
082
_b
CON
100
_a
Uyangoda , J. ed
245
0
_a
Conflict,conflict resolution
942
_c
L
999
_c
1396
_d
1396